ARRUPE JESUIT UNIVERSITY

CORONAVIRUS -STOP THE SPREAD - CLEAN,DISINFECT,COVER
Normal view MARC view

Entry Personal Name

Number of records used in: 1

001 - CONTROL NUMBER

  • control field: 8571

003 - CONTROL NUMBER IDENTIFIER

  • control field: ARRUPE

005 - DATE AND TIME OF LATEST TRANSACTION

  • control field: 20140210170740.0

008 - FIXED-LENGTH DATA ELEMENTS

  • fixed length control field: 140210|| aca||aabn | a|a d

040 ## - CATALOGING SOURCE

  • Original cataloging agency: ARRUPE
  • Transcribing agency: ARRUPE

100 ## - HEADING--PERSONAL NAME

  • Personal name: Orobator, A. E.
  • Fuller form of name: (Agbonkhianmeghe E.)

670 ## - SOURCE DATA FOUND

  • Source citation: Work cat.: (ARRUPE)0: Orobator, A. E. (Agbonkhianmeghe E.), Theology brewed in an African pot :, c2008.

 

Arrupe Library. PO Box MP320 Mt Pleasant, Harare, Zimbabwe
263 242 745411|librarian@aju.ac.zw